Las cartas olvidadas del astronauta

Saved in:
Bibliographic Details
Main Author: Campos, Javier Fernando (Author)
Format: Book
Language:Spanish
Published: Coral Gables Iberian Studies Institute 1991
Series:Letras de oro
Subjects:
Tags: Add Tag
No Tags, Be the first to tag this record!

MARC

LEADER 00000nam a2200000 a 4500
001 UCX7191
003 CL-VaPUC
008 931130e19910000US |||||||||||||||||spa|d
082 0 4 |a Ch861  |b CAM  |2 21 
100 0 |a Campos, Javier Fernando  |e author  |9 323997 
245 1 4 |a Las cartas olvidadas del astronauta 
300 |a 51 p 
942 |c BK 
945 |d 19931130 00:00:00  |a rbrito 
260 |a Coral Gables  |b Iberian Studies Institute  |c 1991 
650 0 |a Poesías chilenas   |9 265280 
583 |a last modification  |c 19931130 00:00:00  |k Rodrigo Vera 
490 0 |a Letras de oro 
999 |c 227084  |d 227082 
952 |0 0  |1 0  |4 0  |6 CH_861_000000000000000_CAM_1991  |7 0  |8 A  |9 225869  |a BIBEDU  |b BIBEDU  |d 2019-11-15  |i 2948346  |o Ch861 CAM 1991  |p 2948346  |r 2019-11-15  |w 2019-11-15  |y BK  |k LIT